Government And Public Enterprise In Developing Countries / (Record no. 27202)

000 -LEADER
fixed length control field 00970nam a22002297a 4500
001 - CONTROL NUMBER
control field 0000001519
003 - CONTROL NUMBER IDENTIFIER
control field PPM
005 - DATE AND TIME OF LATEST TRANSACTION
control field 20260417110323.0
008 - FIXED-LENGTH DATA ELEMENTS--GENERAL INFORMATION
fixed length control field 260417b ||||| |||| 00| 0 eng d
020 ## - INTERNATIONAL STANDARD BOOK NUMBER
Terms of availability RM 12.02
Qualifying information Paperback
035 ## - SYSTEM CONTROL NUMBER
System control number 0000001519
040 ## - CATALOGING SOURCE
Language of cataloging Eng
Transcribing agency Pusat Penyelidikan Mineral, Jabatan Mineral Dan Geosains Malaysia
Modifying agency PPM
Description conventions RDA
082 00 - DEWEY DECIMAL CLASSIFICATION NUMBER
Edition number 19
Classification number 338.6209
Item number ABD 1982
100 1# - MAIN ENTRY--PERSONAL NAME
Personal name Abdullah bin Abdul Rahman
Relator term author
245 10 - TITLE STATEMENT
Title Government And Public Enterprise In Developing Countries /
Statement of responsibility, etc. by Abdullah bin Abdul Rahman
260 #1 - PUBLICATION, DISTRIBUTION, ETC.
Place of publication, distribution, etc. Kuala Lumpur :
Name of publisher, distributor, etc. Institut Tadbiran Awam Negara Malaysia ,
Date of publication, distribution, etc. 1982
300 00 - PHYSICAL DESCRIPTION
Extent xv, 200 pages .:
Other physical details illustrations .;
Dimensions 24 cm
440 ## - SERIES STATEMENT/ADDED ENTRY--TITLE
Title Monograf Institut Tadbiran Awam Negara Malaysia = Monographs of the National Institute of Public Administration ;
Volume/sequential designation v. 1
504 ## - BIBLIOGRAPHY, ETC. NOTE
Bibliography, etc. note Includes bibliographical references (p.: 170 - 184 )
650 10 - SUBJECT ADDED ENTRY--TOPICAL TERM
Topical term or geographic name entry element Underdeveloped areas
General subdivision Government business enterprises
942 ## - ADDED ENTRY ELEMENTS (KOHA)
Source of classification or shelving scheme
Koha item type Books
Holdings
Withdrawn status Lost status Source of classification or shelving scheme Damaged status Not for loan Collection code Permanent Location Current Location Shelving location Date acquired Cost, normal purchase price Total Checkouts Full call number Date last seen Price effective from Koha item type
Available         Open Shelf PPM PPM Open Shelf 17/04/2026 12.02   338.6209 ABD 1982 17/04/2026 17/04/2026 Books